000 00450nam a2200193Ia 4500
005 20250423095846.0
008 250422s9999 xx 000 0 und d
020 _a0-13-198826-3
050 _aTK 454 .B68/
100 _aRobert L. Boylestad
245 0 _aIntroductory Circuit Analysis
250 _a11th ed.
260 _aNew Jersey
260 _bPearson Education,Inc
260 _c2007
300 _a1156 p
650 _aEE
942 _cBK
999 _c31549
_d31549